<?xml version="1.0" encoding="UTF-8"?>
<record
    xmlns:xsi="http://www.w3.org/2001/XMLSchema-instance"
    xsi:schemaLocation="http://www.loc.gov/MARC21/slim http://www.loc.gov/standards/marcxml/schema/MARC21slim.xsd"
    xmlns="http://www.loc.gov/MARC21/slim">

  <leader>00388nam a22001217a 4500</leader>
  <datafield tag="040" ind1=" " ind2=" ">
    <subfield code="c">SY</subfield>
  </datafield>
  <datafield tag="082" ind1=" " ind2=" ">
    <subfield code="a">631</subfield>
  </datafield>
  <datafield tag="100" ind1=" " ind2=" ">
    <subfield code="a">&#x17A2;&#x17CA;&#x17BA;&#x1798; &#x1788;&#x17BD;&#x1793;</subfield>
  </datafield>
  <datafield tag="245" ind1=" " ind2=" ">
    <subfield code="a">&#x179B;&#x17C6;&#x1793;&#x17B6;&#x17C6;&#x1793;&#x17C3;&#x1780;&#x17B6;&#x179A;&#x179C;&#x17B7;&#x1797;&#x17B6;&#x1782;&#x178A;&#x17B8;&#x1787;&#x17B6;&#x1792;&#x1798;&#x17D2;&#x1798;&#x178F;&#x17B6;&#x1780;&#x17D2;&#x1793;&#x17BB;&#x1784;&#x1792;&#x179A;&#x178E;&#x17B8;&#x179F;&#x17B6;&#x179F;&#x17D2;&#x179A;&#x17D2;&#x178F;</subfield>
  </datafield>
  <datafield tag="260" ind1=" " ind2=" ">
    <subfield code="a">&#x1793;&#x17B6;&#x1799;&#x1780;&#x1793;&#x17C5;&#x17A2;&#x17CA;&#x17BA;&#x1793;&#x179A;&#x17C9;&#x17B6;</subfield>
    <subfield code="b">&#x17A2;&#x17CA;&#x17BA;&#x1798;</subfield>
    <subfield code="c">1989</subfield>
  </datafield>
  <datafield tag="300" ind1=" " ind2=" ">
    <subfield code="a">204p.</subfield>
  </datafield>
  <datafield tag="942" ind1=" " ind2=" ">
    <subfield code="c">KB</subfield>
  </datafield>
  <datafield tag="999" ind1=" " ind2=" ">
    <subfield code="c">9361</subfield>
    <subfield code="d">9361</subfield>
  </datafield>
  <datafield tag="952" ind1=" " ind2=" ">
    <subfield code="0">0</subfield>
    <subfield code="1">0</subfield>
    <subfield code="4">0</subfield>
    <subfield code="6">631_000000000000000_&#x17A2;&#x17B9;&#x1798;_1989_C250</subfield>
    <subfield code="7">0</subfield>
    <subfield code="9">51190</subfield>
    <subfield code="a">LBC</subfield>
    <subfield code="b">LBC</subfield>
    <subfield code="c">C250</subfield>
    <subfield code="d">2016-08-31</subfield>
    <subfield code="o">631 &#x17A2;&#x17CA;&#x17B9;&#x1798; 1989 C250</subfield>
    <subfield code="p">RUA045730</subfield>
    <subfield code="r">2016-08-31</subfield>
    <subfield code="y">KB</subfield>
  </datafield>
</record>
